000 00470nam a22001697a 4500
005 20250723131953.0
008 250723b |||||||| |||| 00| 0 eng d
020 _a9781485154082
041 _aEnglish
082 _a349 JUT
100 _lEnglish
245 _aJuta's Statutes of South Africa
260 _aCape Town:
_bJuta and Company Ltd,
_c2025
300 _b439 pages;
_c28 cm.
650 _aLegal practice
_bLaw
942 _cBK
_6ALISON_BN_VRIES
999 _c3313
_d3313